Venezuelan players in European Big Five (2000-) - Statistics

General Stats
  • This quiz has been taken 22 times
  • The average score is 8 of 41
Answer Stats
Ranking Player Positions Nationality Matches Goals (assists) Periods Clubs % Correct
4 Salomón Rondón FW 234 61 (20) 2010-2011, 2015-2018, 2021-2023
90%
1 Tomás Rincón MF 393 9 (18) 2008-2023
67%
2 Juan Arango MF 338 71 (67) 2004-2014
62%
14 Josef Martínez FW 58 7 (2) 2014-2017
57%
7 Yangel Herrera MF, FW 179 17 (10) 2018-2025
48%
5 Darwin Machís MF, FW 190 21 (19) 2012-2013, 2014-2015, 2016-2017, 2018-2025
43%
26 Dani Hernández GK 24 0 (0) 2012-2013
38%
3 Fernando Amorebieta DF 245 4 (2) 2005-2013, 2016-2017
38%
6 Roberto Rosales DF, MF 182 5 (11) 2014-2020
38%
8 Oswaldo Vizcarrondo DF 142 3 (1) 2013-2018
33%
15 Jon Aramburu DF 46 1 (1) 2023-2025
29%
9 Miku FW 123 37 (11) 2009-2016
24%
11 Sergio Córdova MF, FW 98 9 (3) 2017-2022
24%
29 Wuilker Faríñez GK 16 0 (0) 2020-2022
24%
16 Adalberto Peñaranda MF, FW 45 5 (3) 2015-2018
19%
20 Jeffrén Suárez MF, FW 33 3 (2) 2008-2010, 2013-2014
19%
12 Juanpi MF, FW 86 8 (5) 2014-2019
19%
13 Cristian Cásseres Jr. MF 64 2 (6) 2023-2025
14%
10 Julio Álvarez MF 98 14 (9) 2000-2001, 2002-2003, 2008-2010
14%
25 Yordan Osorio DF 26 0 (0) 2020-2021, 2024-2025
14%
21 Christian Santos MF, FW 31 5 (1) 2016-2018
10%
34 Giancarlo Maldonado FW 9 0 (0) 2009-2010
10%
28 Jhonder Cádiz MF, FW 17 2 (2) 2019-2020
10%
35 Rolf Feltscher DF 7 0 (0) 2010-2012
10%
41 Telasco Segovia MF 1 0 (0) 2022-2023
10%
22 Andrés Túñez DF 30 0 (0) 2012-2013
5%
37 Aristóteles Romero MF, FW 6 0 (0) 2017-2018
5%
17 Ernesto Torregrossa FW 41 8 (3) 2019-2022
5%
33 Gabriel Cichero DF 9 0 (0) 2005-2006, 2013-2014
5%
24 Jhon Chancellor DF 26 3 (0) 2019-2020
5%
40 Rafael Romo GK 1 0 (0) 2009-2010
5%
36 Yohandry Orozco MF, FW 7 0 (1) 2011-2013
5%
30 Alex Pereira DF 15 0 (0) 2002-2003
0%
39 Andrés Ponce FW 1 0 (0) 2015-2016
0%
19 Fernando Aristeguieta FW 33 2 (0) 2013-2014, 2016-2017
0%
32 Franco Signorelli MF 14 1 (0) 2014-2016
0%
23 Grenddy Perozo DF 27 2 (0) 2013-2014
0%
38 Juan Carlos Socorro MF 5 0 (0) 2001-2002
0%
27 Juan Manuel Falcón DF, FW 21 4 (0) 2014-2015
0%
18 Massimo Margiotta FW 38 8 (1) 2000-2001, 2003-2004
0%
31 Mikel Villanueva DF 15 0 (0) 2016-2017
0%
No matching quizzes found
Score Distribution
Percent of People with Each Score
Percentile by Number Answered
Your Score History
You have not taken this quiz